Active server pages 2.0 (Record no. 41990)

MARC details
000 -LEADER
fixed length control field 00301nam a2200121Ia 4500
020 ## - INTERNATIONAL STANDARD BOOK NUMBER
ISBN 8176353167
082 ## - DEWEY DECIMAL CLASSIFICATION NUMBER
Classification number 681.31ASP
Item number WAL
100 ## - MAIN ENTRY--AUTHOR NAME
Personal name Walther, Stephen
245 #0 - TITLE STATEMENT
Title Active server pages 2.0
260 ## - PUBLICATION, DISTRIBUTION, ETC. (IMPRINT)
Place of publication New Delhi
Name of publisher Techmedia
Year of publication 1999
942 ## - ADDED ENTRY ELEMENTS (KOHA)
Koha item type Books
Holdings
Withdrawn status Lost status Damaged status Not for loan Home library Current library Date acquired Cost, normal purchase price Full call number Accession Number Koha item type
        RRII Library RRII Library 16/12/2021 399.00 681.31ASP WAL 22270 Books